| 000 | 00450nam a22001817a 4500 | ||
|---|---|---|---|
| 003 | MPLRDC | ||
| 005 | 20220104184445.0 | ||
| 008 | 210129b ||||| |||| 00| 0 eng d | ||
| 020 | _a0-00-785799-9 | ||
| 082 | _a870.57 PAT-2 | ||
| 100 | _aJAMES PATTERSON | ||
| 245 |
_aJACK AND JILL _c |
||
| 250 | _aFIRST | ||
| 260 |
_aUNITED KINGDOM _bHARPER COLLINS PUBLISHERS _c2004 |
||
| 300 | _bPAPERBACK | ||
| 650 | _aFICTION | ||
| 942 |
_cBK _o870.57 PAT-2 |
||
| 999 |
_c62870 _d62860 |
||